Animal word / (Record no. 163865)

MARC details
000 -LEADER
fixed length control field 00542nam a22001937a 4500
005 - DATE AND TIME OF LATEST TRANSACTION
control field 20190502133253.0
010 ## - LCCN (DPL NO)
LC control number A-978561
020 ## - INTERNATIONAL STANDARD BOOK NUMBER
International Standard Book Number 8170110815
Terms of availability 55.00
035 ## - SYSTEM CONTROL NUMBER
System control number A-978561
037 ## - SOURCE OF ACQUISITION
Source of stock number/acquisition Children's Book Trust
082 ## - DEWEY DECIMAL CLASSIFICATION NUMBER
Classification number 591
100 ## - MAIN ENTRY--PERSONAL NAME
Personal name David, Lt-Col. A.
245 ## - TITLE STATEMENT
Title Animal word /
Statement of responsibility, etc Lt-Col. A. David {and} Shivakumar
260 ## - PUBLICATION, DISTRIBUTION, ETC. (IMPRINT)
Place of publication, distribution, etc New Delhi
Name of publisher, distributor, etc Children's Book Trust
Date of publication, distribution, etc 1973
300 ## - PHYSICAL DESCRIPTION
Extent 80p (include index)
Dimensions 24cm. (hbk)
700 ## - ADDED ENTRY--PERSONAL NAME
Personal name Shivakumar
700 ## - ADDED ENTRY--PERSONAL NAME
Personal name Guha, Tapas
942 ## - ADDED ENTRY ELEMENTS (KOHA)
Source of classification or shelving scheme Dewey Decimal Classification
Item type Children Books
Classification part 591
Call number suffix DAV
Holdings
Withdrawn status Lost status Not for loan Collection code Home library Current library Date acquired Full call number Barcode Koha item type
      Non-fiction Sarojini Nagar Sarojini Nagar 02/05/2019 591 DAV A-978561 Children Books

© Delhi Public Library
Hit Counter
free hit counter